<?xml version="1.0" encoding="UTF-8"?><?xml-stylesheet type="text/xsl" href="static/style.xsl"?><OAI-PMH xmlns="http://www.openarchives.org/OAI/2.0/" xmlns:xsi="http://www.w3.org/2001/XMLSchema-instance" xsi:schemaLocation="http://www.openarchives.org/OAI/2.0/ http://www.openarchives.org/OAI/2.0/OAI-PMH.xsd"><responseDate>2026-04-14T03:58:01Z</responseDate><request verb="GetRecord" identifier="oai:www.recercat.cat:20.500.12327/1231" metadataPrefix="marc">https://recercat.cat/oai/request</request><GetRecord><record><header><identifier>oai:recercat.cat:20.500.12327/1231</identifier><datestamp>2025-10-22T11:33:56Z</datestamp><setSpec>com_2072_4428</setSpec><setSpec>com_2072_4427</setSpec><setSpec>col_2072_487898</setSpec></header><metadata><record xmlns="http://www.loc.gov/MARC21/slim" xmlns:dcterms="http://purl.org/dc/terms/" xmlns:xsi="http://www.w3.org/2001/XMLSchema-instance" xmlns:doc="http://www.lyncode.com/xoai" xsi:schemaLocation="http://www.loc.gov/MARC21/slim http://www.loc.gov/standards/marcxml/schema/MARC21slim.xsd">
   <leader>00925njm 22002777a 4500</leader>
   <datafield ind2=" " ind1=" " tag="042">
      <subfield code="a">dc</subfield>
   </datafield>
   <datafield ind2=" " ind1=" " tag="720">
      <subfield code="a">Prado, Patricia</subfield>
      <subfield code="e">author</subfield>
   </datafield>
   <datafield ind2=" " ind1=" " tag="720">
      <subfield code="a">Cabanes, Pep</subfield>
      <subfield code="e">author</subfield>
   </datafield>
   <datafield ind2=" " ind1=" " tag="720">
      <subfield code="a">Hernandis, Sebastián</subfield>
      <subfield code="e">author</subfield>
   </datafield>
   <datafield ind2=" " ind1=" " tag="720">
      <subfield code="a">García-March, Rafael</subfield>
      <subfield code="e">author</subfield>
   </datafield>
   <datafield ind2=" " ind1=" " tag="720">
      <subfield code="a">Tena, José</subfield>
      <subfield code="e">author</subfield>
   </datafield>
   <datafield ind2=" " ind1=" " tag="260">
      <subfield code="c">2021-03-16</subfield>
   </datafield>
   <datafield ind2=" " ind1=" " tag="520">
      <subfield code="a">The pen shell, Pinna nobilis L. is critically endangered by the spread of a haplosporidan parasite. Stable isotopes have been shown an association with dietary assimilation, trophic level, and body condition, and can provide valuable information for ex situ conservation and breeding. In this context, the aim of this study was to investigate the nutritional status of individuals using δ13C and δ15N patterns across pen shell body tissues as tracers of elemental incorporation from treatment diets based on commercial gels and living phytoplankton and/or sediment. Further comparisons were also conducted with field animals and diets to better understand nutritional needs. Captive individuals, were enriched in δ13C and δ15N (~18.9 and 1.3‰, respectively), suggesting severe nutritional stress and utilization of own N and C pools, especially muscle. The mixing model for field individuals evidenced a large contribution from the zooplankton fraction (34.9%), which was further confirmed by experimental feeding with Artemia nauplii.</subfield>
   </datafield>
   <datafield ind1="8" ind2=" " tag="024">
      <subfield code="a">Prado, Patricia, Pep Cabanes, Sebastián Hernandis, Rafael García-March, and José Tena. 2021. "Stable Isotope Analyses Reveal Major Nutritional Deficiencies In Captive Vs. Field Juvenile Individuals Of Pinna Nobilis". Marine Environmental Research 168: 105304. doi:10.1016/j.marenvres.2021.105304.</subfield>
   </datafield>
   <datafield ind1="8" ind2=" " tag="024">
      <subfield code="a">0141-1136</subfield>
   </datafield>
   <datafield ind1="8" ind2=" " tag="024">
      <subfield code="a">http://hdl.handle.net/20.500.12327/1231</subfield>
   </datafield>
   <datafield ind1="8" ind2=" " tag="024">
      <subfield code="a">https://doi.org/10.1016/j.marenvres.2021.105304</subfield>
   </datafield>
   <datafield ind2="0" ind1="0" tag="245">
      <subfield code="a">Stable isotope analyses reveal major nutritional deficiencies in captive vs. field juvenile individuals of Pinna nobilis</subfield>
   </datafield>
</record></metadata></record></GetRecord></OAI-PMH>